000 01669cam a22005054i 4500
003 PE-LiUPU
005 20250731165618.0
008 150616s r 000 0 d
035 _a(Sirsi) a5743
035 _a(Sirsi) a5743
040 _aPE-LiUPU
_bspa
_cPE-LiUPU
_erda
049 _aPRUA
082 0 4 _a225.03
_bZ86
_221
100 1 _aZorell, Francisco,
_eautor.
245 1 0 _aLexicon Graecum Novi Testamenti /
_cFrancisco Zorell.
264 1 _aParís :
_bP Lethielleux,
_c1961.
300 _a751 páginas ;
_c25 cm.
336 _atext
_2rdacontent
337 _aunmediated
_2rdamedia
338 _avolume
_2rdacarrier
505 0 _aElenchues abbreviationum per sigla.
526 _aSEG44
526 _aSEG26
526 _aP151
526 _aP150
526 _aP149
526 _aP146
526 _aP145
526 _aP126
526 _aP125
526 _aP92
526 _aP75
526 _aP74
526 _aP27
526 _aP15
630 _aBiblia.
_pN.T.
_lGriego-Latín
_vGlosarios, vocabularios, etc.
650 0 4 _a
910 _ajck
_bjvq
_cjck
942 _2ddc
_cBOOK
949 _aRC 225.03 Z86
_wDEWEY
_c1
_i39310
_lRC
_mBUL
_r0
_sY
_tBOOK
_u2015-6-16
_xTEOLOGIA
_zUNKNOWN
_0COMPRA
_o.CIRCNOTE. No olvidar cambiar la fecha de devolución!!!!!!!
_o.STAFF. Colección General
994 _aC0
_bPEPRU
596 _a1
999 _aRC 225.03 Z86
_wDEWEY
_c56805
_i39310
_d56805
_f2021-11-8
_g6
_lCCODEBUL1
_mBUL
_q1
_r1
_sY
_tBOOK
_u2015-6-16
_xTEOLOGIA
_zUNKNOWN
_0COMPRA
_o.CIRCNOTE. No olvidar cambiar la fecha de devolución!!!!!!!
_o.STAFF. Colección General
980 _81
_gALBERTO SANCHEZ Responsable de Automatización